| 000 | 00530nam a2200145 a 4500 | ||
|---|---|---|---|
| 001 | 000045720 | ||
| 005 | 20201002052415.0 | ||
| 008 | 150505s1980 dr 000 0 spa d | ||
| 040 |
_aDO-SdBNP _bspa _cBNPHU |
||
| 082 |
_axxxx _bxxxx |
||
| 100 | 1 |
_aNavarro Castellanos, Alfonso _973773 |
|
| 245 | 1 | 0 |
_aSeguimiento de Jesús : _bcatequesis de adultos, tercer nivel / _cP. Alfonso Navarro Castellanos, MSpSC. |
| 260 |
_aSantiago de los Caballeros, República Dominicana : _bOficina del Sine Central, _c[1980]. |
||
| 300 |
_a71 p. ; _c21 cm. |
||
| 999 |
_c45209 _d45209 |
||